SMALL ANIMALS (Registro nro. 17922)
[ vista simple ]
| 000 -LEADER | |
|---|---|
| fixed length control field | 00407nam a2200169 a 4500 |
| 001 - CONTROL NUMBER | |
| control field | 17922 |
| 005 - DATE AND TIME OF LATEST TRANSACTION | |
| control field | 20180713211127.0 |
| 008 - FIXED-LENGTH DATA ELEMENTS--GENERAL INFORMATION | |
| fixed length control field | 140415s1977 it 000 0 eng d |
| 041 ## - LANGUAGE CODE | |
| Language code of text/sound track or separate title | eng |
| 082 ## - DEWEY DECIMAL CLASSIFICATION NUMBER | |
| Classification number | 599.2 |
| Item number | BUR |
| 100 1# - MAIN ENTRY--PERSONAL NAME | |
| Personal name | BURTON, JANE |
| 245 10 - TITLE STATEMENT | |
| Title | SMALL ANIMALS |
| 250 ## - EDITION STATEMENT | |
| Edition statement | 1a ed. |
| 260 ## - PUBLICATION, DISTRIBUTION, ETC. | |
| Place of publication, distribution, etc. | ITALIA : |
| Name of publisher, distributor, etc. | CRESCENT BOOKS, |
| Date of publication, distribution, etc. | 1977 |
| 300 ## - PHYSICAL DESCRIPTION | |
| Extent | 64 |
| 650 14 - SUBJECT ADDED ENTRY--TOPICAL TERM | |
| Topical term or geographic name entry element | ANIMALES |
| General subdivision | ROEDORES |
| Withdrawn status | Lost status | Source of classification or shelving scheme | Damaged status | Not for loan | Collection code | Home library | Current library | Shelving location | Date acquired | Source of acquisition | Inventory number | Total Checkouts | Full call number | Barcode | Date last seen | Date last checked out | Price effective from | Koha item type |
|---|---|---|---|---|---|---|---|---|---|---|---|---|---|---|---|---|---|---|
| Dewey Decimal Classification | General | Biblioteca Karol Wojtyla | Biblioteca Karol Wojtyla | Sala general | 03/12/2013 | Compra | 151000000000000000007067 | 1 | 599.2 BUR | 36272 | 05/01/2026 | 14/11/2019 | 03/12/2013 | Libro |